خير ا لا نا م (حمد يہ نعتيہ مجمو عہ ) (Record no. 173251)

MARC details
000 -LEADER
fixed length control field 00668nam a22001937a 4500
005 - DATE AND TIME OF LATEST TRANSACTION
control field 20200220163153.0
010 ## - LCCN (DPL NO)
LC control number UR-10701
020 ## - INTERNATIONAL STANDARD BOOK NUMBER
Terms of availability 100.00
International Standard Book Number -
035 ## - SYSTEM CONTROL NUMBER
System control number U-9256
037 ## - SOURCE OF ACQUISITION
Source of stock number/acquisition DBAD/PUB
Stock number -
082 ## - DEWEY DECIMAL CLASSIFICATION NUMBER
Classification number 841
100 ## - MAIN ENTRY--PERSONAL NAME
Personal name خا لد ر حيم
245 ## - TITLE STATEMENT
Title خير ا لا نا م (حمد يہ نعتيہ مجمو عہ )
Statement of responsibility, etc خا لد ر حيم
246 ## - VARYING FORM OF TITLE
Remainder of title Khairul Anam(Hamdia and Natia Majmua) (Urdu)
Title proper/short title by Khalid Raheem
260 ## - PUBLICATION, DISTRIBUTION, ETC. (IMPRINT)
Place of publication, distribution, etc Delhi
Name of publisher, distributor, etc Educational publishing House
Date of publication, distribution, etc 2019 ء
270 ## - ADDRESS
Address 3191,Vakil Street,Kucha Pandit Lal kuan,
City Delhi
Postal code 110006
Telephone number 23216162
Fax number -
300 ## - PHYSICAL DESCRIPTION
Extent 136 ص
Dimensions 22 Cm(Hb)
942 ## - ADDED ENTRY ELEMENTS (KOHA)
Source of classification or shelving scheme Dewey Decimal Classification
Item type Urdu Bks
Classification part 841
Call number suffix خ ا ل
Holdings
Withdrawn status Lost status Not for loan Collection code Home library Current library Date acquired Source of acquisition Cost, normal purchase price Full call number Barcode Copy number Cost, replacement price Koha item type
      Non-fiction Central Library Central Library 20/02/2020 BPPD/Ven. 100.00 841 خ ا ل U-9256 1 100.00 Urdu Bks

© Delhi Public Library
Hit Counter
free hit counter